| 000 | 00613nam a2200229 a 4500 | ||
|---|---|---|---|
| 001 | nice12345678 | ||
| 003 | IN_TiNIC | ||
| 005 | 20260116013050.0 | ||
| 008 | 050524s1999 lona grp 000 0 eng | ||
| 020 |
_a0316651 _c654.5 |
||
| 082 | 0 | 0 |
_a956.704 _bBHA |
| 100 | _aBhatia, Shyam | ||
| 245 |
_aBrighter Than the Baghdad Sun _b Saddam`s Race to Build Dthe Bomb |
||
| 260 |
_aLondon _bLittle Brown and Company _c1999 |
||
| 300 | _a289p | ||
| 500 | _aincludes index and biblioraphy | ||
| 505 | 2 | _aIndex | |
| 650 | _aIraq-Politics and Government | ||
| 902 | _bSRS | ||
| 942 | _cBK | ||
| 999 |
_c9499 _d9499 |
||